Metallica - członkowie - Statystyki

Ogólne statystyki
  • Ten quiz został rozwiązany 100 razy
  • Średni wynik to 6 z 9
Statystyki odpowiedzi
Hint Odpowiedź % Poprawnych
1981-Wokal James Hetfield
98%
1981-Perkusja Lars Ulrich
86%
1982-1983Gitara Dave Mustaine
81%
1983-Gitara Kirk Hammett
81%
1982-1986Bas Cliff Burton
80%
2003- Bas Robert Trujillo
78%
1986-2001Bas Jason Newsted
66%
1981-1982Bas Ron McGovney
40%
2001-2003Bas Bob Rock
31%
Nie znaleziono quizów pasujących do podanych kryteriów
Rozkład punktacji
Procent ludzi z każdym wynikiem
Percentyl według liczby udzielonych odpowiedzi
Twoja historia wyników
Nie rozwiązałeś tego quizu